|
|
|
|
| LEADER |
00000nam0a2200000 4500 |
| 001 |
57158 |
| 005 |
20231031054106.0 |
| 010 |
|
|
|a 594010178X
|
| 035 |
|
|
|a (RuTPU)RU\TPU\book\60293
|
| 090 |
|
|
|a 57158
|
| 100 |
|
|
|a 20031024d2003 m y0rusy50 ca
|
| 101 |
0 |
|
|a rus
|
| 102 |
|
|
|a RU
|
| 105 |
|
|
|a a j 001zy
|
| 200 |
1 |
|
|a Математика для гуманитариев
|e учебное пособие
|f П. В. Грес
|
| 210 |
|
|
|a Москва
|c Логос
|d 2003
|
| 215 |
|
|
|a 120 с.
|c ил.
|
| 320 |
|
|
|a Библиогр.: с. 119.
|
| 451 |
|
1 |
|0 (RuTPU)RU\TPU\book\157246
|y 978-5-98704-094-9
|t Математика для гуманитариев
|o учебное пособие
|f П. В. Грес
|c М.
|n Логос
|d 2007
|p 160 с.
|a Грес, Павел Власович
|
| 451 |
|
1 |
|0 (RuTPU)RU\TPU\book\14129
|y 5-85294-091-7
|t Математика для гуманитариев
|o учебное пособие
|f П. В. Грес
|c М.
|n Юрайт
|d 2000
|p 111 с.
|a Грес, Павел Власович
|
| 610 |
1 |
|
|a математика
|
| 610 |
1 |
|
|a методологические основы
|
| 610 |
1 |
|
|a множества
|
| 610 |
1 |
|
|a дискретная математика
|
| 610 |
1 |
|
|a математическая логика
|
| 610 |
1 |
|
|a математический анализ
|
| 610 |
1 |
|
|a дифференциальные исчисления
|
| 610 |
1 |
|
|a интегральные исчисления
|
| 610 |
1 |
|
|a дифференциальные уравнения
|
| 610 |
1 |
|
|a теория вероятностей
|
| 610 |
1 |
|
|a математическая статистика
|
| 610 |
1 |
|
|a математическое моделирование
|
| 675 |
|
|
|a 51(075.8)
|v 3
|
| 700 |
|
1 |
|a Грес
|b П. В.
|g Павел Власович
|
| 801 |
|
1 |
|a RU
|b 63413507
|c 20031024
|g PSBO
|
| 801 |
|
2 |
|a RU
|b 63413507
|c 20201202
|g PSBO
|
| 900 |
|
|
|a Математика
|
| 942 |
|
|
|c BK
|
| 952 |
|
|
|a 520000
|b 020000
|